[Event "Toronto Scarborough CC Falling Leaves"]
[Site "Toronto"]
[Date "2009.11.05"]
[Round "1"]
[White "Garel, Rick"]
[Black "Moran Venegas, Mario"]
[Result "1-0"]
[WhiteElo "1940"]
[BlackElo "1718"]
[PlyCount "52"]
[EventDate "2009.11.05"]
[EventType "swiss"]
[EventRounds "7"]
[EventCountry "CAN"]
[SourceTitle "EXT 2011"]
[Source "ChessBase"]
[SourceDate "2010.11.26"]
[SourceVersion "1"]
[SourceVersionDate "2010.11.26"]
[SourceQuality "1"]

1. e4 c5 2. Nc3 Nc6 3. f4 d6 4. Nf3 g6 5. Bc4 Bg7 6. 0-0 Nf6 7. a3 0-0 8. d3 Bg4 9. Be3 Rb8 10. Qe1 a6 11. Qh4 b5 12. Ba2 b4 13. Nd5 Bxf3 14. Rxf3 Nxd5 15. Bxd5 Nd4 16. Rh3 h5 17. f5 Bf6 18. Bg5 Bxg5 19. Qxg5 Kg7 20. Bxf7 Ne2+ 21. Kh1 Nf4 22. Be6 Rf6 23. Qxf4 bxa3 24. b3 Qa5 25. e5 dxe5 26. Qxe5 Rh8 1-0

[Event "Toronto Howard Ridout op"]
[Site "Toronto"]
[Date "2009.10.15"]
[Round "6"]
[White "Garel, Rick"]
[Black "Armstrong, Robert J"]
[Result "1-0"]
[WhiteElo "1915"]
[BlackElo "1804"]
[PlyCount "87"]
[EventDate "2009.09.10"]
[EventType "swiss"]
[EventRounds "8"]
[EventCountry "CAN"]
[SourceTitle "EXT 2011"]
[Source "ChessBase"]
[SourceDate "2010.11.26"]
[SourceVersion "1"]
[SourceVersionDate "2010.11.26"]
[SourceQuality "1"]

1. e4 g6 2. Nc3 Bg7 3. f4 d6 4. Nf3 Nf6 5. Bc4 0-0 6. 0-0 Nxe4 7. Nxe4 d5 8. d4 dxc4 9. c3 Bf5 10. Qe2 b5 11. b3 cxb3 12. axb3 a6 13. Nc5 Re8 14. Nh4 Qd5 15. Nxf5 Qxf5 16. Qf3 Nd7 17. g4 Qf6 18. Nxd7 Qd6 19. Ne5 c5 20. Be3 cxd4 21. Rad1 Qc7 22. Bxd4 a5 23. Qd5 Bxe5 24. Qxe5 Qxe5 25. Bxe5 a4 26. bxa4 bxa4 27. Rf2 f6 28. Bd4 e5 29. fxe5 fxe5 30. Bc5 Rac8 31. Bb4 e4 32. Re1 Rc6 33. Re3 Ra6 34. g5 Kg7 35. c4 Rb6 36. Bc3+ Kg8 37. c5 Ra6 38. Bb2 Ra5 39. Ba3 Rb5 40. Rf4 Rb3 41. Rxb3 axb3 42. c6 Rc8 43. Rf6 h6 44. Rxg6+ 1-0

[Event "Toronto Howard Ridout op"]
[Site "Toronto"]
[Date "2009.10.08"]
[Round "5"]
[White "Peng, Bill"]
[Black "Garel, Rick"]
[Result "1-0"]
[WhiteElo "2141"]
[BlackElo "1915"]
[PlyCount "93"]
[EventDate "2009.09.10"]
[EventType "swiss"]
[EventRounds "8"]
[EventCountry "CAN"]
[SourceTitle "EXT 2011"]
[Source "ChessBase"]
[SourceDate "2010.11.26"]
[SourceVersion "1"]
[SourceVersionDate "2010.11.26"]
[SourceQuality "1"]

1. e4 e6 2. d4 d5 3. Nc3 Bb4 4. e5 c5 5. a3 Bxc3+ 6. bxc3 Ne7 7. Nf3 Nbc6 8. Bd3 c4 9. Be2 0-0 10. Bg5 Qa5 11. Qd2 Bd7 12. g4 f6 13. exf6 gxf6 14. Bh6 Rf7 15. h4 Kh8 16. h5 Ng8 17. Bf4 Re8 18. Kf1 e5 19. Bg3 Bxg4 20. dxe5 Bxf3 21. Bxf3 fxe5 22. Qxd5 Rf5 23. Qxa5 Nxa5 24. Bg4 Rg5 25. Bd7 Re7 26. Rd1 Rf7 27. Ke2 h6 28. Rd5 Nc6 29. Bxc6 bxc6 30. Rxe5 Rxe5+ 31. Bxe5+ Kh7 32. Bd4 Nf6 33. Bxf6 Rxf6 34. Rh4 Rf5 35. Ke3 Re5+ 36. Kd4 Ra5 37. f4 Rxa3 38. Kxc4 Ra5 39. Kd4 Rd5+ 40. Ke4 Rd2 41. Kf5 a5 42. Kf6 a4 43. f5 Rxc2 44. Rxa4 Rxc3 45. Ra7+ Kg8 46. Kg6 Rg3+ 47. Kxh6 1-0

[Event "Scarborough CC-ch"]
[Site "Toronto"]
[Date "2008.01.31"]
[Round "5"]
[White "Garel, Rick"]
[Black "Armstrong, Robert J"]
[Result "1-0"]
[WhiteElo "1878"]
[BlackElo "1839"]
[PlyCount "69"]
[EventDate "2008.01.03"]
[EventType "tourn"]
[EventRounds "9"]
[EventCountry "CAN"]
[SourceTitle "EXT 2011"]
[Source "ChessBase"]
[SourceDate "2010.11.26"]
[SourceVersion "1"]
[SourceVersionDate "2010.11.26"]
[SourceQuality "1"]

1. e4 g6 2. d4 Bg7 3. f4 d6 4. Nf3 Nf6 5. Bd3 0-0 6. 0-0 c5 7. c3 Qb6 8. e5 Ng4 9. h3 Nh6 10. Nbd2 d5 11. dxc5 Qxc5+ 12. Nd4 Nf5 13. N2b3 Qb6 14. Kh2 Nc6 15. Nxf5 Bxf5 16. Bxf5 gxf5 17. Qxd5 Rad8 18. Qc5 Qc7 19. Nd4 e6 20. Nxc6 bxc6 21. Be3 Rd7 22. Rad1 Rfd8 23. Rxd7 Rxd7 24. Rf3 Kh8 25. c4 Qc8 26. Qa5 Qb8 27. b4 f6 28. exf6 Bxf6 29. a3 Bd4 30. Bxd4+ Rxd4 31. Qc5 Rxf4 32. Rg3 Re4 33. Qe7 Qxg3+ 34. Kxg3 Kg8 35. c5 1-0

[Event "Scarborough CC Early Summer Swiss"]
[Site "Toronto"]
[Date "2007.06.14"]
[Round "6"]
[White "Garel, Rick"]
[Black "Verde, Pino"]
[Result "1-0"]
[WhiteElo "1968"]
[BlackElo "1762"]
[PlyCount "119"]
[EventDate "2007.05.10"]
[EventType "swiss"]
[EventRounds "8"]
[EventCountry "CAN"]
[SourceTitle "EXT 2022"]
[Source "ChessBase"]
[SourceDate "2021.10.06"]
[SourceVersion "1"]
[SourceVersionDate "2021.10.06"]
[SourceQuality "1"]

1. c4 Nf6 2. Nc3 c6 3. Nf3 d6 4. d4 Bf5 5. Qb3 Qc8 6. Bg5 Nbd7 7. Nh4 Bg4 8. f3 Be6 9. e4 b5 10. d5 Nc5 11. Qc2 cxd5 12. cxd5 Bd7 13. Bxb5 Bxb5 14. Nxb5 Qb7 15. Nc3 Nfd7 16. Nf5 Ne5 17. 0-0 h6 18. Be3 g6 19. Bxc5 dxc5 20. Ne3 Bg7 21. f4 Nd7 22. e5 Rb8 23. e6 Nf6 24. Qa4+ Kf8 25. exf7 Kxf7 26. Qc4 Qb4 27. d6+ Qxc4 28. Nxc4 e6 29. Ne5+ Ke8 30. Nxg6 Ng4 31. Nxh8 Bd4+ 32. Kh1 Rxb2 33. Ne4 Bxh8 34. Rab1 c4 35. Rfc1 c3 36. Rxb2 cxb2 37. Rc8+ Kd7 38. Rc7+ Kd8 39. Rb7 Bd4 40. h3 Bb6 41. Nc3 Nf2+ 42. Kh2 Ne4 43. Nb1 Nxd6 44. Rh7 Be3 45. g3 Nc4 46. Kg2 Nd2 47. Nxd2 Bxd2 48. Rb7 Bc3 49. Kf3 a5 50. Rb3 a4 51. Rb5 Kc7 52. Ke2 Kc6 53. Rb8 Bd4 54. Kd3 Bb6 55. Kc2 Bc5 56. g4 Kd5 57. g5 hxg5 58. fxg5 Be7 59. g6 Bf6 60. Rb7 1-0

[Event "Scarborough CC Spring Swiss"]
[Site "Toronto"]
[Date "2007.05.03"]
[Round "8"]
[White "Yuan, Yuanling"]
[Black "Garel, Rick"]
[Result "1-0"]
[WhiteElo "1894"]
[BlackElo "1968"]
[PlyCount "110"]
[EventDate "2007.03.15"]
[EventType "swiss"]
[EventRounds "8"]
[EventCountry "CAN"]
[SourceTitle "EXT 2022"]
[Source "ChessBase"]
[SourceDate "2021.10.06"]
[SourceVersion "1"]
[SourceVersionDate "2021.10.06"]
[SourceQuality "1"]

1. e4 c6 2. d4 d5 3. e5 Bf5 4. Be3 e6 5. Nd2 Bb4 6. Ngf3 Nd7 7. Be2 h6 8. 0-0 Ne7 9. c3 Ba5 10. Nh4 Bh7 11. f4 Qc7 12. Nb3 Bb6 13. a4 a6 14. Bg4 0-0-0 15. Nc1 Nf5 16. Nxf5 Bxf5 17. Be2 c5 18. Nd3 c4 19. Ne1 Kb8 20. b4 a5 21. bxa5 Bxa5 22. Bd2 Qb6 23. Qc1 f6 24. Nc2 Bxc2 25. Qxc2 f5 26. Rab1 Qc7 27. Rb5 Ka7 28. Rfb1 b6 29. Bc1 Nb8 30. Ba3 Nc6 31. Qb2 Rd7 32. Bd6 Qb7 33. Bc5 Rb8 34. Qa3 Qa6 35. Bd6 Rbb7 36. Bh5 Rd8 37. Bc5 Rdb8 38. Bd6 Rd8 39. Qc1 Rbd7 40. Qe3 Rb7 41. Qg3 Rdd7 42. Be8 Nd8 43. Bxd7 Rxd7 44. Bf8 Qc8 45. Bxg7 h5 46. Bf8 Nb7 47. Bb4 Qe8 48. Bxa5 bxa5 49. Qe3 Rg7 50. Qc1 Qg6 51. Qb2 Ka8 52. Rxb7 Qxg2+ 53. Qxg2 Rxb7 54. Qg8+ Ka7 55. Rxb7+ Kxb7 1-0

[Event "Scarborough CC Spring Swiss"]
[Site "Toronto"]
[Date "2007.04.26"]
[Round "7"]
[White "Garel, Rick"]
[Black "Armstrong, Robert J"]
[Result "1/2-1/2"]
[WhiteElo "1968"]
[BlackElo "1815"]
[PlyCount "45"]
[EventDate "2007.03.15"]
[EventType "swiss"]
[EventRounds "8"]
[EventCountry "CAN"]
[SourceTitle "EXT 2022"]
[Source "ChessBase"]
[SourceDate "2021.10.06"]
[SourceVersion "1"]
[SourceVersionDate "2021.10.06"]
[SourceQuality "1"]

1. c4 g6 2. Nc3 Bg7 3. Nf3 Nf6 4. d4 0-0 5. g3 d6 6. Bg2 c6 7. 0-0 Nbd7 8. e4 Qc7 9. b3 e5 10. Bb2 exd4 11. Nxd4 Re8 12. Qd2 Nc5 13. Rfe1 Bg4 14. h3 Bd7 15. Rad1 Rad8 16. Nc2 Bc8 17. f4 Nfxe4 18. Nxe4 Nxe4 19. Rxe4 Bxb2 20. Rxe8+ Rxe8 21. Qxd6 Qxd6 22. Rxd6 Kg7 23. Kf2 1/2-1/2

[Event "Toronto Dutton CC ch"]
[Site "Toronto"]
[Date "2002.06.26"]
[Round "6"]
[White "Bergeron, Florian"]
[Black "Garel, Rick"]
[Result "1-0"]
[WhiteElo "1866"]
[BlackElo "1932"]
[PlyCount "39"]
[EventDate "2002.05.22"]
[EventType "swiss"]
[EventRounds "6"]
[EventCountry "CAN"]
[SourceTitle "EXT 2022"]
[Source "ChessBase"]
[SourceDate "2021.10.06"]
[SourceVersion "1"]
[SourceVersionDate "2021.10.06"]
[SourceQuality "1"]

1. d4 Nf6 2. c4 e5 3. dxe5 Ng4 4. Nf3 Nc6 5. Nc3 Bb4 6. a3 Bxc3+ 7. bxc3 Ngxe5 8. Nxe5 Nxe5 9. e4 d6 10. f4 Bg4 11. Be2 Bxe2 12. Qxe2 Nc6 13. 0-0 Qf6 14. Bd2 0-0 15. Rab1 b6 16. Qd3 Rae8 17. Rbe1 Na5 18. f5 Qe5 19. f6 Re6 20. Rf5 1-0